000 00481nam a2200193Ia 4500
003 GCL
008 140319s9999 xx 000 0 eng d
040 _aGCL /
_cGCL
082 0 4 _aCH
_b932
_bV B
100 1 _aVIVIANE, KOENIG
245 1 0 _aAU BORD DU NIL, LES EGYPTIENS /
_cVIVIANE, KOENIG
260 _a[S.N] :
_bNATHAN ،
_c1990
300 _a56 P
650 0 4 _aCHILDREN
650 0 4 _aHISTORY
650 0 4 _aHISTORY, ANCIENT
650 0 4 _aEGYPT - HISTORY
942 _2ddc
_cBK
999 _c15091
_d15091